000 00830nam a2200205Ia 4500
999 _c12332
_d12332
005 20240809171100.0
008 240808s9999 xx 000 0 und d
040 _aUPAN
_cBiblioteca San Vicente
_eRCAA2
041 _aspa
082 _a338.71
_bCha
_c2022
100 _aChacón Flores, José Luis
_4aut.
245 0 _aDiseño de estrategias innovadoras para la reactivación post pandemia por COVID-19 en la empresa Pettennati Centro América S.A. de C.V. en el periodo comprendido de julio de 2021 a febrero del 2022ç
260 _aSan Salvador:
_bUniversidad Panamericana,
_c2022
300 _a122 p.;
_c28 cm.
650 _2LEMB
_aDiseño de estrategias
700 _aBelloso, Jaime Antonio;
_4aut.
700 _aFabián Velasco, Jenny Lisseth;
_4aut.
700 _aAndrade Bermúdez, Yajaira Eunice
_4aut.
942 _cBK
_2ddc